| Tag |
First Indicator |
Second Indicator |
Subfields |
| LEADER |
00000cam a2200000 a 4500 |
| 001 |
in00001237010 |
| 005 |
20151003061114.0 |
| 008 |
941202s1995 caua b 000 0 eng |
| 010 |
|
|
|a 94048047
|
| 020 |
|
|
|a 0833016210
|
| 035 |
|
|
|a (OCoLC)31737447
|
| 035 |
|
|
|9 AGS3515AM
|
| 040 |
|
|
|a DLC
|c DLC
|d TXA
|d UtOrBLW
|
| 043 |
|
|
|a n-us---
|
| 049 |
|
|
|a TXAM
|
| 050 |
0 |
0 |
|a UG633
|b .L453 1995
|
| 082 |
0 |
0 |
|a 358.4/00973
|2 20
|
| 100 |
1 |
|
|a Lewis, Kevin N.
|q (Kevin Neil),
|d 1955-
|
| 245 |
1 |
0 |
|a Downsizing future USAF fighter forces :
|b living within the constraints of history /
|c Kevin N. Lewis.
|
| 264 |
|
1 |
|a Santa Monica, CA :
|b Rand,
|c 1995.
|
| 300 |
|
|
|a xxvii, 102 pages :
|b illustrations ;
|c 23 cm.
|
| 336 |
|
|
|a text
|b txt
|2 rdacontent
|
| 337 |
|
|
|a unmediated
|b n
|2 rdamedia
|
| 338 |
|
|
|a volume
|b nc
|2 rdacarrier
|
| 500 |
|
|
|a "Prepared for the United States Air Force."
|
| 500 |
|
|
|a "Project AIR FORCE."
|
| 500 |
|
|
|a At head of title: Rand.
|
| 504 |
|
|
|a Includes bibliographical references.
|
| 500 |
|
|
|a "MR-480-AF"--Cover.
|
| 610 |
1 |
0 |
|a United States.
|b Air Force.
|
| 650 |
|
0 |
|a Fighter planes
|z United States.
|
| 650 |
|
0 |
|a Military planning
|z United States.
|
| 710 |
1 |
|
|a United States.
|b Air Force.
|
| 710 |
2 |
|
|a Project Air Force (U.S.)
|
| 710 |
2 |
|
|a Rand Corporation.
|
| 999 |
|
|
|a MARS
|
| 999 |
f |
f |
|s b0509b06-3c6b-3983-84c7-72b49f580cbe
|i a386fa13-aa27-30ad-ae71-d7e1f5cbd8aa
|t 0
|